Portimão - A Terra e as Gentes (Registo nº 561)

Detalhes MARC
000 -Etiqueta do registo
Cabeçalho 00626nam0a22002531 4500
005 - Identificador da versão
Campo de controlo 20240813121806.0
021 ## - Número do Depósito Legal
Código do país PT
Número 201301/03
035 ## - Other System Control Numbers
System Control Number 0000583
System Control Number 0000580
System Control Number 0000580
System Control Number 0000570
100 ## - Dados gerais de processamento
Dados gerais de processamento 20050516d a e0pory5003 ba
102 ## - Pais de publicação ou produção
País de publicação Portugal
101 1# - Língua de publicação
Língua do texto, banda sonora, etc. Português
Língua do documento no original Português
106 ## - Campo de dados codificados: material textual
Dados codificados do material textual r
105 ## - Campo de dados codificados: livros
Dados codificados dos livros y z 001yy
215 ## - Descrição física 
Indicação específica da natureza do documento e extensão da espécie p. 202
Outras indicações físicas il.
Dimensões cm
200 1# - Titulo e menção de responsabilidade
Título próprio Portimão - A Terra e as Gentes
Primeira menção de responsabilidade Armando Alves
Outras menções de responsabilidade Niza Paiva
-- Vitor Wladimiro Ferreira
210 ## - Publicação, Distribuição, etc. 
Lugar da edição, distribuição, etc. Portimão
Nome do editor, distribuidor, etc. Ana Paula de Sousa
Data da publicação, distribuição, etc. 2003
942 ## - Elementos de entrada adicionados (Koha)
Tipo de item no Koha Livro
Exemplares
Situação do levantamento Origin of item (home branch) (coded) Biblioteca de empréstimo Código de barras Cota Circulation type (not for loan) Tipo de documento Nota do exemplar Damaged status
  Biblioteca Escolar Eng. Nuno Mergulhão Biblioteca Escolar Eng. Nuno Mergulhão BENM1009 908 FL   Livro Sem mensagem  
  Biblioteca Escolar Eng. Nuno Mergulhão Biblioteca Escolar Eng. Nuno Mergulhão BENM1106 908 FL   Livro Sem mensagem